Calculus for business, economics, and the social and life sciences / (Record no. 16437)
[ view plain ]
| 000 -LEADER | |
|---|---|
| fixed length control field | 01341cam a2200373 a 4500 |
| 001 - CONTROL NUMBER | |
| control field | 1213538 |
| 003 - CONTROL NUMBER IDENTIFIER | |
| control field | OSt |
| 005 - DATE AND TIME OF LATEST TRANSACTION | |
| control field | 20150827094958.0 |
| 008 - FIXED-LENGTH DATA ELEMENTS--GENERAL INFORMATION | |
| fixed length control field | 990326s2000 maua b 001 0 eng |
| 010 ## - LIBRARY OF CONGRESS CONTROL NUMBER | |
| LC control number | 99026455 |
| 020 ## - INTERNATIONAL STANDARD BOOK NUMBER | |
| International Standard Book Number | 0071202730 |
| 040 ## - CATALOGING SOURCE | |
| Original cataloging agency | DLC |
| Transcribing agency | DLC |
| Modifying agency | DLC |
| 050 00 - LIBRARY OF CONGRESS CALL NUMBER | |
| Classification number | QA 303 |
| Item number | .H711 2000 |
| 082 00 - DEWEY DECIMAL CLASSIFICATION NUMBER | |
| Classification number | M 515 |
| Item number | H68 2000 |
| 100 1# - MAIN ENTRY--PERSONAL NAME | |
| Personal name | Hoffmann, Laurence D., |
| Dates associated with a name | 1943- |
| 245 10 - TITLE STATEMENT | |
| Title | Calculus for business, economics, and the social and life sciences / |
| Statement of responsibility, etc | Hoffmann, Laurence D. |
| 246 30 - VARYING FORM OF TITLE | |
| Title proper/short title | Calculus |
| 250 ## - EDITION STATEMENT | |
| Edition statement | 7th edition. |
| 260 ## - PUBLICATION, DISTRIBUTION, ETC. (IMPRINT) | |
| Place of publication, distribution, etc | Boston : |
| Name of publisher, distributor, etc | McGraw-Hill, |
| Date of publication, distribution, etc | 2000. |
| 300 ## - PHYSICAL DESCRIPTION | |
| Extent | xxi, 723 pages : |
| Other physical details | illustrations ; |
| Dimensions | 24 cm. |
| 500 ## - GENERAL NOTE | |
| General note | Includes bibliographical references and index. |
| 526 ## - STUDY PROGRAM INFORMATION NOTE | |
| Reading level | 1210L to 1700L |
| 562 ## - COPY AND VERSION IDENTIFICATION NOTE | |
| Number of copies | 3 |
| 650 #0 - SUBJECT ADDED ENTRY--TOPICAL TERM | |
| Topical term or geographic name as entry element | Calculus. |
| 700 1# - ADDED ENTRY--PERSONAL NAME | |
| Personal name | Bradley, Gerald L., |
| Dates associated with a name | 1940- |
| 856 42 - ELECTRONIC LOCATION AND ACCESS | |
| Materials specified | Publisher description |
| Uniform Resource Identifier | <a href="http://www.loc.gov/catdir/description/mh023/99026455.html">http://www.loc.gov/catdir/description/mh023/99026455.html</a> |
| 856 41 - ELECTRONIC LOCATION AND ACCESS | |
| Materials specified | Table of contents |
| Uniform Resource Identifier | <a href="http://www.loc.gov/catdir/toc/mh023/99026455.html">http://www.loc.gov/catdir/toc/mh023/99026455.html</a> |
| 906 ## - LOCAL DATA ELEMENT F, LDF (RLIN) | |
| a | 7 |
| b | cbc |
| c | orignew |
| d | 1 |
| e | ocip |
| f | 19 |
| g | y-gencatlg |
| 942 ## - ADDED ENTRY ELEMENTS (KOHA) | |
| Source of classification or shelving scheme | Library of Congress Classification |
| Koha item type | Books |
| Withdrawn status | Lost status | Source of classification or shelving scheme | Damaged status | Home library | Current library | Shelving location | Date acquired | Total Checkouts | Full call number | Barcode | Date last seen | Copy number | Price effective from | Koha item type | Total Renewals | Date checked out | Source of acquisition | Sub Shelving location |
|---|---|---|---|---|---|---|---|---|---|---|---|---|---|---|---|---|---|---|
| Library of Congress Classification | College Library | College Library | Filipiniana Section | 05/18/2013 | QA 303 .H711 2000 | c13583 | 05/08/2018 | 1 | 05/18/2013 | Books | ||||||||
| Library of Congress Classification | College Library | College Library | General Circulation Section | 05/18/2013 | 1 | QA 303 .H711 2000 | c14886 | 05/15/2018 | 2 | 05/18/2013 | Books | 10 | 12/04/2017 | |||||
| Library of Congress Classification | College Library | College Library | General Circulation Section | 05/22/2013 | 1 | QA 303 .H711 2000 | c0129 | 05/15/2018 | 3 | 05/22/2013 | Books | 6 | 01/16/2018 | |||||
| Library of Congress Classification | College Library | College Library | General Circulation Section | 08/27/2015 | 2 | QA 303 .H711 2000 | C19838 | 06/01/2020 | 08/27/2015 | Books | 10 | 03/04/2020 | Donation |